000 00775nam a2200253Ia 4500
003 OSt
005 20220927105323.0
006 a|||||r|||| 00| 0
007 ta
008 220926b |||||||| |||| 00| 0 eng d
020 _a9789210612289
024 _a176029
037 _cReference Collections
040 _aRTL
_cRTL
_beng
041 _2eng
_aeng
082 _a"X:(B28).1n, P7/UN"
110 _a"UNITED NATIONS, ECONOMIC AND SOCIAL AFFAIRS (Deptt of-)"
245 0 _aStatistical yearbook
_b FIfty-first issue
260 _aNew
_bYork United Nations
_c2007
300 _a"ix, 816p"
_ccm.
700 _a"UNITED NATIONS, ECONOMIC AND SOCIAL AFFAIRS (Deptt of-)"
942 _h"X:(B28).1n, P7/UN"
_cCC
999 _c691812
_d691812